Sistemática, biogeografía y conservación de las hormigas cazadoras en Colombia [Recurso electrónico] (Registro nro. 6964)

Detalles MARC
000 -CABECERA
Campo de control 00796nam a2200253 a 4500
005 - FECHA Y HORA DE LA ULTIMA TRANSACCION
Campo de control 20140320150821.0
008 - ELEMENTOS DE LONGITUD FIJA—INFORMACION GENERAL
Campo de control 131119b2007 ck ||||| |||| 00| 0 spa d
020 ## - ISBN
ISBN 9789588343181
041 ## - IDIOMA
Código de idioma para texto/pista de sonido o título separado Español
044 ## - PAÍS DE PUBLICACIÓN
País de publicación Colombia
090 ## - CLASIFICACIÓN LOCAL
Colección IAVH
Consecutivo 00958
100 1# - ASIENTO PRINCIPAL--NOMBRE PERSONAL
Nombre personal Jimenez, Elizabeth
245 ## - MENCION DE TITULO
Título Sistemática, biogeografía y conservación de las hormigas cazadoras en Colombia [Recurso electrónico]
260 ## - PUBLICACION, DISTRIBUCION, ETC. (PIE DE IMPRENTA)
Lugar de publicación, distribución, etc. Bogotá
Nombre del editor, distribuidor, etc. IAVH
Fecha de publicación, distribución, etc. 2007
300 ## - DESCRIPCION FISICA
Extensión 609 p.
504 ## - NOTA DE BIBLIOGRAFIA, ETC.
Nota de bibliografía Incluye Contenido y Prólogo
505 ## - NOTA DE CONTENIDO
Nota de contenido Sistemática, Biografía y conservación, Estudios de casos
700 ## - ASIENTO SECUNDARIO - NOMBRE PERSONAL
Nombre personal Jiménez, Elizabeth
700 ## - ASIENTO SECUNDARIO - NOMBRE PERSONAL
Nombre personal Fernández, Fernando
700 ## - ASIENTO SECUNDARIO - NOMBRE PERSONAL
Nombre personal Arias, Tania Milena
700 ## - ASIENTO SECUNDARIO - NOMBRE PERSONAL
Nombre personal Lozano Zambtrano, Fabio H.
942 ## - ELEMENTOS ADICIONALES (KOHA)
Sistema de clasificación Local
Tipo de ítem CD-ROM
945 ## - PROCESAMIENTO LOCAL
AAAA-MM-DD - Fecha de ingreso o modificacion LER
Existencias
Withdrawn status Lost status Sistema de Clasificación Damaged status No para préstamo Colección Ubicación Permanente Ubicación actual Fecha de adquisición Total Checkouts Número topográfico Inventario / Código de Barras Date last seen Ejemplar Price effective from Forma de adquisición Tipo de material
    Local     Audiovisual Bogotá Bogotá 19/11/2013   IAVH-00958 058864 19/11/2013 V. 1 Ej. 1 19/11/2013   CD-ROM
    Local     Audiovisual Bogotá Bogotá 19/12/2013   IAVH-00958 059376 19/12/2013 V. 1 Ej. 2 19/12/2013   CD-ROM
    Local     Audiovisual Bogotá Bogotá 19/12/2013   IAVH-00958 059391 19/12/2013 V. 2 Ej 1 19/12/2013   CD-ROM
    Local     Audiovisual Bogotá Bogotá 19/12/2013   IAVH-00958 059389 19/12/2013 V. 2 Ej. 2 19/12/2013   CD-ROM